000 00255nam a2200109 4500
082 _a572ILA
100 _aIlahi, Ihsan
245 _aPlant Physiology: Bio Chemical Processin in Plants
260 _aIslamabad:
_bUGC,
_c1996.
300 _a386p. ;
942 _cBK
999 _c7393
_d7393